[Event "HUN Team League Ch. Csongrad Region"]
[Site "Csongrád County"]
[Date "2015.11.15"]
[Round "4.1"]
[White "Adok, Janos"]
[Black "Balla, Tamas-Kristof"]
[Result "0-1"]
[WhiteElo "2241"]
[BlackElo "2336"]
[PlyCount "66"]
[EventDate "2015.09.20"]

1. Nf3 f5 2. c4 Nf6 3. Nc3 d6 4. d4 g6 5. Bg5 Nbd7 6. Qc2 Bg7 7. Rd1 c6 8. e3
Qa5 9. Be2 e5 10. Bxf6 Nxf6 11. dxe5 dxe5 12. O-O e4 13. Nd4 O-O 14. Na4 Bd7
15. a3 Rae8 16. b4 Qc7 17. b5 c5 18. Nb3 b6 19. Nc3 g5 20. Qd2 Be6 21. Qd6 Qf7
22. Nd5 Nxd5 23. cxd5 Bc8 24. Nd2 f4 25. Bc4 Bb7 26. exf4 gxf4 27. f3 e3 28.
Ne4 Bd4 29. Rxd4 cxd4 30. Rd1 Qg7 31. Qb4 Rxe4 32. fxe4 f3 33. g3 f2+ 0-1

[Event "HUN Team League Ch. Csongrad Region"]
[Site "Csongrád County"]
[Date "2015.11.15"]
[Round "4.1"]
[White "Mokcsay, Robert"]
[Black "Botka, Peter"]
[Result "1-0"]
[WhiteElo "2253"]
[BlackElo "2126"]
[PlyCount "119"]
[EventDate "2015.09.20"]

1. c4 e5 2. g3 Nf6 3. Bg2 d5 4. cxd5 Nxd5 5. b3 Be7 6. Bb2 Bf6 7. Nc3 Nxc3 8.
Bxc3 O-O 9. d3 a5 10. Qd2 a4 11. b4 c6 12. a3 Re8 13. Qb2 Be6 14. Nf3 Nd7 15.
O-O Bd5 16. Nd2 Bxg2 17. Kxg2 Nb6 18. Ne4 Nd5 19. Bd2 Nc7 20. Be3 Nb5 21. Rac1
Qd5 22. Rc4 Be7 23. f3 f6 24. Rfc1 Bf8 25. Nc3 Nxc3 26. Qxc3 f5 27. Bc5 e4 28.
dxe4 fxe4 29. f4 e3+ 30. Kg1 Qd2 31. Bxf8 Kxf8 32. Qc2 Rad8 33. Rc5 Rd5 34.
Rxd5 cxd5 35. Kg2 Kg8 36. Kf3 d4 37. Qxa4 Kf8 38. Rd1 Qc3 39. Qd7 Qxa3 40. Qxd4
b6 41. Qd6+ Kg8 42. Qc6 Rf8 43. Qe6+ Kh8 44. Qe7 Qa8+ 45. Qe4 Qa3 46. Kg2 Qa4
47. Rd5 Qa2 48. Qd3 Qa8 49. Kh3 Qc8+ 50. f5 h6 51. Rd7 Qc1 52. Qd4 Qf1+ 53. Kh4
Rg8 54. Qg4 Qf2 55. h3 Qg2 56. Re7 Qd5 57. Qg6 Qd4+ 58. g4 Qf4 59. f6 Qg5+ 60.
Qxg5 1-0

[Event "HUN Team League Ch. Csongrad Region"]
[Site "Csongrád County"]
[Date "2015.11.15"]
[Round "4.1"]
[White "Borsi, Imre"]
[Black "Kelemen, Imre"]
[Result "1/2-1/2"]
[WhiteElo "2100"]
[BlackElo "2120"]
[PlyCount "59"]
[EventDate "2015.09.20"]

1. d4 Nf6 2. c4 c5 3. d5 b5 4. cxb5 a6 5. b6 Qxb6 6. Nc3 g6 7. e4 d6 8. f4 Bg7
9. Nf3 Qb4 10. a3 Qb6 11. Be2 Nbd7 12. Nd2 Qa7 13. Nc4 O-O 14. O-O Nb6 15. Na5
Bd7 16. Be3 Qc7 17. Qd2 Na4 18. Nxa4 Nxe4 19. Qe1 Bxa4 20. Bf3 Nf6 21. Rf2 Rab8
22. Rc1 Bb3 23. Nc6 Rb7 24. Rd2 Re8 25. Rd3 Ba4 26. b4 c4 27. Rdc3 Nxd5 28.
Bxd5 Bxc3 29. Qxc3 Bxc6 30. Bxc4 1/2-1/2

[Event "HUN Team League Ch. Csongrad Region"]
[Site "Csongrád County"]
[Date "2015.11.15"]
[Round "4.1"]
[White "Miko, Valer"]
[Black "Baranyi, Erno"]
[Result "1/2-1/2"]
[WhiteElo "2078"]
[BlackElo "2113"]
[PlyCount "49"]
[EventDate "2015.09.20"]

1. e4 c6 2. d4 d5 3. Nc3 dxe4 4. Nxe4 Bf5 5. Ng3 Bg6 6. Nf3 Nd7 7. h4 h6 8. h5
Bh7 9. Bd3 Bxd3 10. Qxd3 e6 11. Bf4 Qa5+ 12. Bd2 Qc7 13. Ne4 Ngf6 14. O-O-O
O-O-O 15. g3 Nc5 16. Nxc5 Bxc5 17. Rh4 Bd6 18. Qb3 Rhe8 19. Qa4 Kb8 20. Re1 Ka8
21. Ne5 Nd5 22. Ba5 b6 23. Bd2 Bxe5 24. dxe5 Ne7 25. Rhe4 1/2-1/2

[Event "HUN Team League Ch. Csongrad Region"]
[Site "Csongrád County"]
[Date "2015.11.15"]
[Round "4.1"]
[White "Abraham, Zoltan"]
[Black "Balla, Tibor"]
[Result "0-1"]
[WhiteElo "1966"]
[BlackElo "2037"]
[PlyCount "112"]
[EventDate "2015.09.20"]

1. d4 e6 2. Nf3 d5 3. Bf4 Nf6 4. e3 Bd6 5. Ne5 c5 6. c3 O-O 7. Nd2 Nc6 8. Bd3
Bxe5 9. dxe5 Nd7 10. Nf3 f5 11. Ng5 Ndxe5 12. Bc2 h6 13. Nh3 Qf6 14. Qe2 b6 15.
f3 a5 16. Qb5 Qd8 17. Qe2 Ba6 18. Qf2 Qf6 19. Rg1 b5 20. g4 fxg4 21. fxg4 g5
22. Qg3 b4 23. cxb4 axb4 24. Rg2 Nc4 25. Rb1 gxf4 26. Nxf4 Ra7 27. g5 hxg5 28.
h4 Rg7 29. hxg5 Qe5 30. Re2 Qxg5 31. Bh7+ Kxh7 32. Qh3+ Qh6 33. Qxh6+ Kxh6 34.
Rh2+ Kg5 35. Nxe6+ Kf6 36. Nxg7 Kxg7 37. Rg2+ Kf7 38. Rf2+ Ke7 39. Rxf8 Kxf8
40. Rc1 N6e5 41. Kd1 Nxe3+ 42. Kd2 N3c4+ 43. Kc2 Ke7 44. Rh1 d4 45. b3 Ne3+ 46.
Kc1 Bd3 47. Rh8 Bf5 48. Ra8 Ke6 49. Kd2 Kd5 50. Ra5 Nf3+ 51. Ke2 Bg4 52. Kd3
Ne5+ 53. Kd2 Nf1+ 54. Ke1 Ng3 55. a4 d3 56. Kd2 Nf1+ 0-1

[Event "HUN Team League Ch. Csongrad Region"]
[Site "Csongrád County"]
[Date "2015.11.15"]
[Round "4.1"]
[White "Farkas, Sandor"]
[Black "Bene, Zoltan"]
[Result "1-0"]
[WhiteElo "1836"]
[BlackElo "1768"]
[PlyCount "70"]
[EventDate "2015.09.20"]

1. d4 d5 2. g3 g6 3. Bg2 Nf6 4. c4 c6 5. Nf3 Bg7 6. Nc3 O-O 7. O-O Re8 8. Qb3
dxc4 9. Qxc4 Nbd7 10. Ng5 e6 11. Qb3 Qb6 12. Qc4 Nd5 13. e3 h6 14. Nf3 Qc7 15.
e4 N5b6 16. Qb3 e5 17. Be3 exd4 18. Nxd4 Nc5 19. Qc2 Nc4 20. Bf4 Ne5 21. Rad1
g5 22. Bc1 Bg4 23. f3 Bh5 24. b4 Ne6 25. Nf5 Bf8 26. a3 a5 27. b5 cxb5 28. Qb3
b4 29. Nd5 Qc4 30. Qxc4 Nxc4 31. Nf6+ Kh8 32. axb4 Bxb4 33. Nxe8 Rxe8 34. Nxh6
b5 35. Rd5 Rb8 1-0

[Event "HUN Team League Ch. Csongrad Region"]
[Site "Csongrád County"]
[Date "2015.11.15"]
[Round "4.1"]
[White "Tokes, Janos"]
[Black "Papp, Bence"]
[Result "1-0"]
[WhiteElo "1674"]
[BlackElo "1657"]
[PlyCount "91"]
[EventDate "2015.09.20"]

1. Nf3 Nf6 2. d4 e6 3. Bg5 Be7 4. e3 d5 5. c4 O-O 6. Nc3 c6 7. Bd3 Nbd7 8. O-O
Re8 9. Qc2 h6 10. Bh4 a6 11. c5 b5 12. cxb6 Nxb6 13. Rac1 Bb7 14. Na4 Nxa4 15.
Qxa4 Nd7 16. Bg3 c5 17. Bb1 c4 18. Qc2 Nf8 19. Ne5 Bd6 20. f4 f6 21. Ng6 f5 22.
Nxf8 Rxf8 23. Rf3 Be7 24. Rcf1 g5 25. fxg5 hxg5 26. Be5 g4 27. Rg3 Kf7 28. Rxg4
Rg8 29. Rxf5+ exf5 30. Qxf5+ Bf6 31. Qh7+ Rg7 32. Bg6+ Kf8 33. Qh8+ Rg8 34.
Qh6+ Rg7 35. Rf4 Qa5 36. Qh8+ Ke7 37. Bxf6+ Ke6 38. Qxg7 Qe1+ 39. Rf1 Qxe3+ 40.
Kh1 Kd6 41. Be5+ Kc6 42. Qc7+ Kb5 43. Qxb7+ Ka5 44. Bc7+ Ka4 45. Bc2+ Qb3 46.
axb3+ 1-0

[Event "HUN Team League Ch. Csongrad Region"]
[Site "Csongrád County"]
[Date "2015.11.15"]
[Round "4.1"]
[White "Tapodi, Norman Lajos"]
[Black "Markus, Molli Amina"]
[Result "1-0"]
[WhiteElo "1540"]
[BlackElo "1378"]
[PlyCount "169"]
[EventDate "2015.09.20"]

1. e4 Nf6 2. e5 Nd5 3. c4 Nb6 4. d4 d6 5. exd6 exd6 6. h3 Bf5 7. Nf3 Be7 8. Bd3
Bxd3 9. Qxd3 O-O 10. O-O N8d7 11. Nc3 Re8 12. Bf4 Nf8 13. d5 Ng6 14. Bg3 Bf6
15. Rfe1 Qd7 16. b3 Re7 17. Rxe7 Qxe7 18. Re1 Qd7 19. Ne4 Be7 20. a4 Re8 21.
Qd4 Bd8 22. a5 Nc8 23. Kf1 a6 24. Qd3 Kf8 25. Neg5 Bxg5 26. Nxg5 Rxe1+ 27. Kxe1
Qe7+ 28. Qe3 Qxe3+ 29. fxe3 h6 30. Nf3 Nce7 31. e4 Ke8 32. Ke2 Kd7 33. Kd3 f6
34. Nd4 Nf8 35. Bf2 g6 36. Bh4 g5 37. Bf2 h5 38. g3 c6 39. b4 cxd5 40. cxd5
Nfg6 41. Ne6 Ne5+ 42. Ke3 Nc4+ 43. Kd4 Ne5 44. Ng7 g4 45. h4 Nf3+ 46. Ke3 Ng6
47. Nxh5 Ke7 48. Nf4 Nge5 49. Nd3 Kf7 50. Nxe5+ fxe5 51. Kd3 Kg6 52. Bb6 Kh5
53. Bc7 Kg6 54. Bxd6 Kf6 55. Bc5 Kf7 56. Be3 Ne1+ 57. Kd2 Nf3+ 58. Ke2 Kg7 59.
d6 Kf7 60. h5 Ke6 61. h6 Kxd6 62. h7 Ke6 63. h8=Q Kd7 64. Qf6 Kc7 65. Bb6+ Kd7
66. Qf7+ Kc6 67. Qc7+ Kb5 68. Qxb7 Kxb4 69. Qxa6 Kc3 70. Qd3+ Kb4 71. Qxf3
gxf3+ 72. Kxf3 Kb5 73. g4 Kc6 74. g5 Kd6 75. g6 Ke7 76. a6 Kf6 77. a7 Kxg6 78.
a8=Q Kf6 79. Qe8 Kg7 80. Qxe5+ Kf7 81. Kf4 Kg6 82. Qe6+ Kg7 83. Kg5 Kh8 84.
Bd4+ Kh7 85. Qf7# 1-0

[Event "HUN Team League Ch. Csongrad Region"]
[Site "Csongrád County"]
[Date "2015.11.15"]
[Round "4.2"]
[White "Tubak, Daniel"]
[Black "Hajdu, Istvan"]
[Result "1/2-1/2"]
[WhiteElo "1962"]
[BlackElo "1992"]
[PlyCount "55"]
[EventDate "2015.09.20"]

1. e4 Nc6 2. Nf3 e5 3. Bb5 Bc5 4. O-O d6 5. c3 Bg4 6. d3 Qf6 7. Be3 Bxf3 8.
Qxf3 Qxf3 9. gxf3 Bxe3 10. fxe3 Nge7 11. d4 a6 12. Bc4 Rd8 13. Nd2 Ng6 14. f4
f6 15. b4 Ke7 16. a4 Nb8 17. b5 a5 18. Nb3 b6 19. Bd5 Rhf8 20. Rac1 f5 21. fxe5
dxe5 22. exf5 Rxd5 23. fxg6 Rxf1+ 24. Rxf1 hxg6 25. c4 Rd8 26. Kf2 Nd7 27. Ke2
Rh8 28. Rf2 1/2-1/2

[Event "HUN Team League Ch. Csongrad Region"]
[Site "Csongrád County"]
[Date "2015.11.15"]
[Round "4.2"]
[White "Udvardi, Zalan"]
[Black "Tenk, Zoltan"]
[Result "1/2-1/2"]
[WhiteElo "1879"]
[BlackElo "1947"]
[PlyCount "118"]
[EventDate "2015.09.20"]

1. e4 e5 2. Nf3 Nf6 3. Nxe5 d6 4. Nf3 Nxe4 5. d4 d5 6. Bd3 Be7 7. O-O O-O 8.
Re1 f5 9. c4 c6 10. Ne5 Nd7 11. Nxd7 Qxd7 12. cxd5 cxd5 13. f3 Nf6 14. Nc3 Bb4
15. Bb5 Qd6 16. Qb3 a6 17. Bd3 Bd7 18. Re5 Bxc3 19. bxc3 Rfe8 20. Ba3 Qc6 21.
Bxf5 Rxe5 22. Bxd7 Nxd7 23. dxe5 Nxe5 24. Re1 Nc4 25. Bc1 Rc8 26. Bf4 Re8 27.
Qd1 Rxe1+ 28. Qxe1 Kf7 29. Qb1 Qb6+ 30. Qxb6 Nxb6 31. Kf2 Na4 32. Be5 g6 33.
Ke3 Ke6 34. Bd4 Nb2 35. g4 b5 36. h3 a5 37. h4 Nc4+ 38. Ke2 Nb2 39. f4 Nc4 40.
h5 Nd6 41. hxg6 hxg6 42. Kd3 Ne4 43. Kc2 Nf6 44. Bxf6 Kxf6 45. Kd3 g5 46. fxg5+
Kxg5 47. Kd4 Kxg4 48. Kxd5 b4 49. cxb4 axb4 50. Kc4 Kf5 51. Kxb4 Ke6 52. Ka5
Kd7 53. Ka6 Kc7 54. Ka7 Kc6 55. a4 Kc7 56. a5 Kc8 57. Ka8 Kc7 58. a6 Kc8 59. a7
Kc7 1/2-1/2

[Event "HUN Team League Ch. Csongrad Region"]
[Site "Csongrád County"]
[Date "2015.11.15"]
[Round "4.2"]
[White "Blazsik, Zoltan"]
[Black "Csipai, Levente"]
[Result "1/2-1/2"]
[WhiteElo "1868"]
[BlackElo "1896"]
[PlyCount "82"]
[EventDate "2015.09.20"]

1. d4 d5 2. Nf3 Nf6 3. e3 e6 4. c4 Be7 5. a3 O-O 6. Qc2 c6 7. Nbd2 a5 8. b3 b6
9. Ne5 Bb7 10. Bb2 Nfd7 11. Bd3 h6 12. Nef3 c5 13. cxd5 exd5 14. O-O a4 15.
bxa4 c4 16. Bh7+ Kh8 17. Bc3 g6 18. Bxg6 fxg6 19. Qxg6 Rf6 20. Qh5 Qg8 21. Ne5
Kh7 22. f4 Rf8 23. Rf3 Nxe5 24. dxe5 Qg6 25. Qxg6+ Kxg6 26. Rg3+ Kh7 27. Rb1
Bc6 28. Rxb6 Rxa4 29. e6 Rxa3 30. Rg7+ Kh8 31. Be5 Bf6 32. Rf7 Rxf7 33. Rxb8+
Kg7 34. exf7 Kxf7 35. Bxf6 Kxf6 36. Rb6 c3 37. Rxc6+ Ke7 38. Nf1 Kd7 39. Rc5
Kd6 40. Rc8 Kd7 41. Rc5 Kd6 1/2-1/2

[Event "HUN Team League Ch. Csongrad Region"]
[Site "Csongrád County"]
[Date "2015.11.15"]
[Round "4.2"]
[White "Revesz, Norbert"]
[Black "Vidakovics, Istvan"]
[Result "0-1"]
[WhiteElo "1841"]
[BlackElo "1966"]
[PlyCount "86"]
[EventDate "2015.09.20"]

1. b3 e5 2. Bb2 Nc6 3. e3 d6 4. Ne2 Bg4 5. f3 Bd7 6. d4 Nf6 7. dxe5 dxe5 8. Ng3
Bc5 9. e4 Qe7 10. Nc3 O-O-O 11. Bd3 Nb4 12. a3 Nxd3+ 13. Qxd3 Be6 14. Qe2 Bd4
15. Na4 Bxb2 16. Nxb2 Qc5 17. Nd3 Qc3+ 18. Kf2 Bxb3 19. Rhc1 Bxc2 20. Qxc2
Qxc2+ 21. Rxc2 Rxd3 22. Nf5 g6 23. Ke2 Rd7 24. Ne3 Nh5 25. g3 Ng7 26. Ng4 Re7
27. Rac1 c6 28. Rc5 Ne6 29. R5c3 Nd4+ 30. Ke3 Rd8 31. Nf6 h5 32. Nd5 Re6 33.
Rb1 Kb8 34. Nb4 Ka8 35. Nd3 Re7 36. a4 f6 37. Rc4 Ne6 38. Nb4 Red7 39. a5 a6
40. Rc2 Nd4 41. Rcb2 Nb5 42. Rc1 Rd4 43. Rcc2 Na3 0-1

[Event "HUN Team League Ch. Csongrad Region"]
[Site "Csongrád County"]
[Date "2015.11.15"]
[Round "4.2"]
[White "Berczi, Peter"]
[Black "Balatoni, Gyorgy"]
[Result "1/2-1/2"]
[WhiteElo "1797"]
[BlackElo "1772"]
[PlyCount "70"]
[EventDate "2015.09.20"]

1. e4 c6 2. d4 d5 3. exd5 cxd5 4. Bd3 Nc6 5. c3 g6 6. f4 e6 7. Nf3 Bg7 8. O-O
Nf6 9. Ne5 O-O 10. Nd2 a6 11. a4 Qb6 12. Nb3 Nxe5 13. fxe5 Nd7 14. Kh1 a5 15.
Bg5 f5 16. Bb5 Rf7 17. g4 h6 18. Bd2 Nf8 19. Nc5 Qc7 20. gxf5 exf5 21. Rg1 b6
22. Nd3 Be6 23. Nf4 g5 24. Nh5 f4 25. Be2 Qe7 26. Bg4 Bxg4 27. Qxg4 Qe6 28. h4
Qxg4 29. Rxg4 Ne6 30. Nxg7 Rxg7 31. hxg5 Rxg5 32. Rag1 Rf8 33. Kh2 Kh7 34. Rxg5
hxg5 35. Kh3 Kg6 1/2-1/2

[Event "HUN Team League Ch. Csongrad Region"]
[Site "Csongrád County"]
[Date "2015.11.15"]
[Round "4.2"]
[White "Patko, Lajos"]
[Black "Boa, Bence"]
[Result "1/2-1/2"]
[WhiteElo "1752"]
[BlackElo "1688"]
[PlyCount "59"]
[EventDate "2015.09.20"]

1. e4 c6 2. Nf3 d5 3. exd5 cxd5 4. d4 Nc6 5. c3 Bf5 6. Bd3 Bxd3 7. Qxd3 e6 8.
O-O Bd6 9. Bg5 Qb6 10. b3 Nge7 11. Nbd2 Nf5 12. Nh4 Nxh4 13. Bxh4 O-O 14. Bg3
Bxg3 15. Qxg3 Ne7 16. Qd3 Rfd8 17. Nf3 Ng6 18. Rfe1 Rac8 19. Rac1 Rc7 20. Rc2
Rdc8 21. Rec1 h6 22. g3 Ne7 23. Nh4 Nc6 24. Nf3 Ne7 25. Nh4 Qd6 26. f4 Qb6 27.
Kg2 a6 28. f5 exf5 29. Nxf5 Nxf5 30. Qxf5 1/2-1/2

[Event "HUN Team League Ch. Csongrad Region"]
[Site "Csongrád County"]
[Date "2015.11.15"]
[Round "4.2"]
[White "Szajbely, Samuel Janos"]
[Black "Kozak, Janos"]
[Result "1-0"]
[WhiteElo "1574"]
[BlackElo "1619"]
[PlyCount "105"]
[EventDate "2015.09.20"]

1. e4 c5 2. Nf3 e6 3. d4 cxd4 4. Nxd4 Nc6 5. Be3 a6 6. Be2 Nf6 7. Nd2 d5 8. f3
dxe4 9. Nxe4 Nxe4 10. fxe4 Qh4+ 11. Bf2 Qxe4 12. O-O Nxd4 13. Bxd4 Qc6 14. Bh5
Bd7 15. Bxf7+ Kd8 16. Qg4 Bc5 17. Qg5+ Kc7 18. Qxc5 b6 19. Be5+ Kb7 20. Qxc6+
Kxc6 21. Bxg7 Rhc8 22. Rf6 Kb7 23. Bxe6 Bxe6 24. Rxe6 Rxc2 25. Rd1 Rg8 26. Rd7+
Kc8 27. Rf7 Rd8 28. Rf8 Rxf8 29. Bxf8 Rxb2 30. a3 Rb1+ 31. Kf2 Rb5 32. Re8+ Kb7
33. Bh6 Rb2+ 34. Re2 Rb3 35. Re3 Rb2+ 36. Kf3 a5 37. h4 Kc6 38. Bg7 Rb1 39. g4
b5 40. Kf4 b4 41. axb4 axb4 42. Kg5 b3 43. Kh6 b2 44. Bxb2 Rxb2 45. Kxh7 Rb4
46. g5 Rxh4+ 47. Kg7 Rg4 48. g6 Kd6 49. Kh7 Rh4+ 50. Kg8 Rg4 51. Kg7 Kd7 52.
Rh3 Ke7 53. Kh7 1-0

[Event "HUN Team League Ch. Csongrad Region"]
[Site "Csongrád County"]
[Date "2015.11.15"]
[Round "4.2"]
[White "Makay, Andor Dr"]
[Black "Tanacs, Jozsef"]
[Result "1-0"]
[WhiteElo "1710"]
[BlackElo "1364"]
[PlyCount "57"]
[EventDate "2015.09.20"]

1. d4 d5 2. c4 dxc4 3. Nc3 Nf6 4. Nf3 h6 5. e4 Bg4 6. Bxc4 e6 7. Qa4+ c6 8. Ne5
Bh5 9. Bd3 Nfd7 10. Nxd7 Nxd7 11. Be3 b5 12. Qc2 Bb4 13. O-O Rc8 14. a3 Ba5 15.
b4 Bb6 16. Ne2 Bg6 17. Nf4 Bh7 18. Qd2 Nf6 19. f3 Bxd4 20. Rae1 Qb6 21. Bf2 O-O
22. Ne2 Bxf2+ 23. Rxf2 Nd7 24. Qf4 e5 25. Qd2 c5 26. Nc3 cxb4 27. axb4 Nf6 28.
g4 Rfd8 29. Nd5 1-0

[Event "HUN Team League Ch. Csongrad Region"]
[Site "Csongrád County"]
[Date "2015.11.15"]
[Round "4.3"]
[White "Tornyai, Jeno"]
[Black "Martonosi, Adam"]
[Result "0-1"]
[WhiteElo "1903"]
[BlackElo "1769"]
[PlyCount "120"]
[EventDate "2015.09.20"]

1. d4 g6 2. Nc3 Bg7 3. e4 c5 4. d5 d6 5. Nf3 Nf6 6. h3 O-O 7. Be2 Na6 8. O-O
Bd7 9. Bf4 b5 10. e5 dxe5 11. Bxe5 Qb6 12. a3 Rad8 13. b4 c4 14. Qd4 Qb7 15.
Rad1 Be6 16. Ng5 Bxd5 17. Qh4 h6 18. Bxf6 hxg5 19. Bxg5 Bxg2 20. Rxd8 Rxd8 21.
Rd1 Rxd1+ 22. Nxd1 Qe4 23. Qxe4 Bxe4 24. Ne3 Bb2 25. f3 Bc6 26. Bxe7 Bxa3 27.
c3 Bc1 28. Kf2 Bd2 29. Nd1 Kg7 30. Bd6 Kf6 31. f4 Ke6 32. Be5 f6 33. Bd4 Bxf4
34. Bxa7 Nc7 35. Ne3 Nd5 36. Nxd5 Bxd5 37. Bd4 g5 38. Bg4+ f5 39. Bh5 Bc6 40.
Bg6 g4 41. hxg4 fxg4 42. Bh5 Kf5 43. Bf7 Bh2 44. Kf1 Be5 45. Bg6+ Kf4 46. Bxe5+
Kxe5 47. Kf2 Kf4 48. Bh5 g3+ 49. Ke2 g2 50. Kf2 g1=Q+ 51. Kxg1 Ke3 52. Kf1 Kd2
53. Bf7 Kxc3 54. Ke1 Kxb4 55. Kd2 Kb3 56. Kc1 Kc3 57. Bg6 Bf3 58. Be8 b4 59.
Bg6 Be2 60. Bf5 b3 0-1

[Event "HUN Team League Ch. Csongrad Region"]
[Site "Csongrád County"]
[Date "2015.11.15"]
[Round "4.3"]
[White "Csibor, Andras"]
[Black "Vanya, Janos"]
[Result "0-1"]
[WhiteElo "1841"]
[BlackElo "1919"]
[PlyCount "88"]
[EventDate "2015.09.20"]

1. d4 Nf6 2. c3 d5 3. Nd2 e6 4. e3 Bd6 5. f4 O-O 6. Bd3 Nbd7 7. Ngf3 c5 8. Ne5
a6 9. O-O b5 10. a4 c4 11. Bc2 Bb7 12. Ndf3 b4 13. cxb4 Bxb4 14. Bd2 a5 15. Qe1
Qe7 16. Bc3 Ne4 17. Nxd7 Bxc3 18. bxc3 Qxd7 19. Ne5 Qc7 20. Bxe4 dxe4 21. Qe2
Bd5 22. Rfb1 f6 23. Ng4 Rfb8 24. Qc2 Rb3 25. Rxb3 cxb3 26. Qb2 Rb8 27. Nf2 Qc4
28. Nd1 Bb7 29. Kf2 Ba6 30. Kg3 e5 31. Nf2 exf4+ 32. exf4 e3 33. Nh3 Qd3 34.
Ng1 Bc4 35. h3 g5 36. fxg5 fxg5 37. Nf3 Qf5 38. Kh2 Qf4+ 39. Kh1 Qg3 40. Re1
Re8 41. Qc1 Qf2 42. Qb1 Qg3 43. Qf5 Rf8 44. Qb1 Rxf3 0-1

[Event "HUN Team League Ch. Csongrad Region"]
[Site "Csongrád County"]
[Date "2015.11.15"]
[Round "4.3"]
[White "Bodo, Imre"]
[Black "Balassy, Gabor"]
[Result "1-0"]
[WhiteElo "1783"]
[BlackElo "1685"]
[PlyCount "149"]
[EventDate "2015.09.20"]

1. d4 d5 2. c4 c6 3. Nc3 e6 4. e3 Nf6 5. Nf3 Nbd7 6. Bd3 Bd6 7. Qc2 O-O 8. Bd2
Re8 9. cxd5 exd5 10. g4 Qe7 11. O-O-O Ne4 12. Be1 Nb6 13. h3 h6 14. Bxe4 dxe4
15. Nd2 Nd5 16. Ndxe4 Nb4 17. Qb1 Be6 18. Nxd6 Qxd6 19. a3 Nd5 20. Ne4 Qe7 21.
Nc5 b6 22. Nxe6 Qxe6 23. Qf5 Qxf5 24. gxf5 Re4 25. Bd2 Rc8 26. Kc2 c5 27. Kd3
Nf6 28. Rc1 Re7 29. b4 Rd7 30. Ke2 Rd5 31. Rc2 Rxf5 32. Rg1 Ne4 33. Be1 Nd6 34.
bxc5 bxc5 35. dxc5 Rfxc5 36. Rxc5 Rxc5 37. Bb4 Rc6 38. Rd1 Nb5 39. Rd8+ Kh7 40.
Rd7 Rc7 41. Rd5 Nc3+ 42. Bxc3 Rxc3 43. Ra5 Rc7 44. Ra6 Kg8 45. Kd3 Kf8 46. Kd4
Ke8 47. Kd5 Ke7 48. e4 f6 49. f4 Kd7 50. e5 Ke7 51. h4 fxe5 52. fxe5 Rd7+ 53.
Rd6 Rc7 54. h5 Rc3 55. Ra6 Rc7 56. a4 Kf7 57. a5 Rb7 58. Kd6 Re7 59. Rc6 Re6+
60. Kd5 Re7 61. a6 Rd7+ 62. Kc5 Re7 63. Kd5 Rd7+ 64. Rd6 Rc7 65. Rg6 Rc2 66.
e6+ Kf8 67. Kd6 Ra2 68. Kc7 Rd2 69. Kb7 Kg8 70. Kxa7 Kh7 71. Kb7 Rd8 72. Kc7
Ra8 73. Kb7 Rd8 74. a7 Rd6 75. a8=N 1-0

[Event "HUN Team League Ch. Csongrad Region"]
[Site "Csongrád County"]
[Date "2015.11.15"]
[Round "4.3"]
[White "Szekeres, Mihaly"]
[Black "Pluhar, Andras"]
[Result "0-1"]
[WhiteElo "1708"]
[BlackElo "1646"]
[PlyCount "78"]
[EventDate "2015.09.20"]

1. d4 Nf6 2. e3 d5 3. Bd3 c5 4. b3 cxd4 5. exd4 Nc6 6. c3 Ne4 7. Qc2 Nf6 8. Nf3
Bg4 9. Nbd2 e6 10. h3 Bh5 11. O-O Bd6 12. Re1 Rc8 13. a3 O-O 14. Bb2 Qc7 15. c4
dxc4 16. bxc4 Bg6 17. Bxg6 hxg6 18. Rab1 Rfd8 19. Qa4 Bf4 20. Ne4 b6 21. Rbd1
Nxe4 22. Rxe4 Na5 23. c5 bxc5 24. Bc3 Nb7 25. dxc5 Nxc5 26. Rxd8+ Rxd8 27. Qc4
Nxe4 28. Qxe4 Rd1+ 29. Be1 Qc1 30. Qe2 Bd6 31. a4 Bb4 32. Kf1 a5 33. g3 Qa1 34.
Qe4 Qxa4 35. Qa8+ Bf8 36. Kg2 Rd5 37. Bc3 Qb5 38. Ba1 Rd1 39. Bc3 Qf1+ 0-1

[Event "HUN Team League Ch. Csongrad Region"]
[Site "Csongrád County"]
[Date "2015.11.15"]
[Round "4.3"]
[White "Arato, Daniel"]
[Black "Erdei, Imre"]
[Result "0-1"]
[WhiteElo "1631"]
[BlackElo "1697"]
[PlyCount "116"]
[EventDate "2015.09.20"]

1. f4 d5 2. Nf3 Nc6 3. g3 Nf6 4. Bg2 Bf5 5. O-O e6 6. c3 Bd6 7. d3 Qd7 8. b4 a6
9. Be3 e5 10. fxe5 Nxe5 11. Nbd2 h6 12. Bd4 Qe6 13. Qa4+ b5 14. Qc2 O-O 15.
Nxe5 Bxe5 16. Nf3 Bxd4+ 17. Nxd4 Qe3+ 18. Kh1 Be6 19. Rf4 Rae8 20. Raf1 Bg4 21.
Bf3 Bh3 22. Nf5 Bxf5 23. Rxf5 Re5 24. Rf4 c6 25. d4 Rg5 26. Qc1 Qe6 27. Qe1 Re8
28. Kg2 Nh5 29. Bxh5 Rxh5 30. Qf2 f6 31. g4 Rg5 32. Kg3 h5 33. h3 hxg4 34. hxg4
Kf7 35. Rf5 Rxf5 36. Qxf5 Qxf5 37. gxf5 Rxe2 38. Rf2 Re3+ 39. Rf3 Re2 40. Rf2
Re4 41. Rf4 Re1 42. Kg2 g6 43. fxg6+ Kxg6 44. Rf1 Re4 45. Kf3 f5 46. Rg1+ Kf6
47. Rh1 Kg5 48. Rg1+ Rg4 49. Re1 Rf4+ 50. Kg3 Re4 51. Rf1 f4+ 52. Kg2 Kg4 53.
Rf2 Re3 54. Rc2 f3+ 55. Kf2 Kf4 56. a3 Ke4 57. Rc1 Re2+ 58. Kf1 Kd3 0-1

[Event "HUN Team League Ch. Csongrad Region"]
[Site "Csongrád County"]
[Date "2015.11.15"]
[Round "4.3"]
[White "Vizhanyo Gyomorei, Jozsef"]
[Black "Balogh, Judit Dora"]
[Result "1-0"]
[WhiteElo "1509"]
[BlackElo "1551"]
[PlyCount "57"]
[EventDate "2015.09.20"]

1. d4 Nf6 2. Nc3 d5 3. e4 dxe4 4. f3 exf3 5. Qxf3 Nc6 6. Bb5 Bd7 7. Be3 a6 8.
Bc4 Bg4 9. Qf2 Qd7 10. Nge2 Na5 11. Bd3 O-O-O 12. O-O-O Be6 13. Nf4 Bc4 14. d5
Bxd3 15. Nxd3 Ng4 16. Qg3 Nxe3 17. Qxe3 Kb8 18. Ne5 Qe8 19. Qc5 f6 20. Nf3 b6
21. Qe3 Nb7 22. Nd4 Ka8 23. Qe2 b5 24. Ncxb5 axb5 25. Nxb5 Kb8 26. Qc4 Qd7 27.
Qa4 Qf5 28. Qa7+ Kc8 29. Qa8+ 1-0

[Event "HUN Team League Ch. Csongrad Region"]
[Site "Csongrád County"]
[Date "2015.11.15"]
[Round "4.3"]
[White "Gyemant, Karoly"]
[Black "Jakso, Abel"]
[Result "1-0"]
[WhiteElo "1625"]
[BlackElo "1265"]
[PlyCount "61"]
[EventDate "2015.09.20"]

1. e4 g6 2. d4 Bg7 3. f4 c5 4. c3 Qb6 5. Nf3 cxd4 6. cxd4 Qd8 7. e5 d6 8. Nc3
dxe5 9. fxe5 e6 10. Nb5 Ne7 11. Nd6+ Kf8 12. Ng5 Qb6 13. Qf3 Nf5 14. g4 Nxd6
15. exd6 f6 16. Bd2 Qxd4 17. Bc3 Qd5 18. Ne4 f5 19. Bxg7+ Kxg7 20. Qc3+ e5 21.
Qc7+ Kh6 22. g5+ Kh5 23. Nf6+ Kxg5 24. Nxd5 Be6 25. Qe7+ Kh6 26. Qxe6 Nc6 27.
O-O-O Rac8 28. Kb1 Nd4 29. Qxe5 Nc6 30. Qf4+ Kg7 31. Ne7 1-0

[Event "HUN Team League Ch. Csongrad Region"]
[Site "Csongrád County"]
[Date "2015.11.15"]
[Round "4.3"]
[White "Almasi, Mate"]
[Black "Vajna, Zsolt"]
[Result "1-0"]
[WhiteElo "1297"]
[BlackElo "1352"]
[PlyCount "63"]
[EventDate "2015.09.20"]

1. c4 Nf6 2. g3 e6 3. Bg2 g6 4. Nc3 Bg7 5. e4 Nc6 6. Nge2 b6 7. d3 Bb7 8. Be3
Ne5 9. f4 Neg4 10. Bd2 e5 11. h3 Nh6 12. fxe5 Nfg8 13. Qc1 Qe7 14. Nb5 Qd8 15.
Bg5 Qc8 16. Bf6 Kf8 17. O-O a6 18. Nbc3 c6 19. Kh2 Ne7 20. Qf4 Qe8 21. Bg5 Neg8
22. Bf6 Ne7 23. g4 Bc8 24. g5 Nhg8 25. Rf2 Ra7 26. Raf1 Nxf6 27. exf6 d6 28.
fxg7+ Kxg7 29. Qxf7+ Qxf7 30. Rxf7+ Kg8 31. Rf8+ Kg7 32. R1f7# 1-0

[Event "HUN Team League Ch. Csongrad Region"]
[Site "Csongrád County"]
[Date "2015.11.15"]
[Round "4.4"]
[White "Kurucsai, Andras"]
[Black "Kurucz, Gergely"]
[Result "1-0"]
[WhiteElo "1723"]
[BlackElo "1618"]
[PlyCount "37"]
[EventDate "2015.09.20"]

1. d4 d5 2. c4 dxc4 3. Nc3 Nf6 4. e4 e6 5. Bxc4 c6 6. e5 Nd5 7. Nf3 Be7 8. O-O
O-O 9. Ne4 b5 10. Bb3 Nd7 11. Re1 Bb7 12. Bc2 f6 13. exf6 Bxf6 14. Neg5 Bxg5
15. Nxg5 Qf6 16. Bxh7+ Kh8 17. Rf1 e5 18. Qh5 Qh6 19. Nf7+ 1-0